| 000 | 01085nam0a2200313 4500 | ||
|---|---|---|---|
| 001 | RU\NLR\BIBL_A\022298085 | ||
| 005 | 20241025161536.0 | ||
| 010 |
_a978-5-04-185742-4 _91500 |
||
| 021 |
_aRU _bКН-П-24-037683 _9КН-П-24-3770 |
||
| 035 | _a(NLR Aleph) 022298085 | ||
| 090 |
_a13240661 _c13240661 |
||
| 100 | _a20240813d2024 u y0rusy50 ca | ||
| 101 | 1 |
_arus _ceng |
|
| 102 | _aRU | ||
| 105 | _ay z 000ay | ||
| 181 | 0 |
_ai _baxxe |
|
| 182 | 0 | _an | |
| 200 | 1 |
_aВсе мои ничтожные печали _fМириам Тэйвз _gперевод с английского Т. Покидаевой |
|
| 203 |
_aТекст _bвизуальный _cнепосредственный |
||
| 210 |
_aМосква _cЭксмо, Inspiria _d2024 |
||
| 215 |
_a362, [3] с.. _d22 |
||
| 333 | _a18+ | ||
| 686 | 1 | _aШ6(7К)167-440.4{Лх1960-18} | |
| 700 | 1 |
_aТэйвз _bМ. _f1964- _gМириам _3RU\NLR\AUTH\770259040 |
|
| 942 | _cBOOK | ||
| 980 | _aNB | ||